<?xml version="1.0" encoding="UTF-8"?>
<collection xmlns="http://www.loc.gov/MARC21/slim">
 <record>
  <leader>02470nam a22003377a 4500</leader>
  <controlfield tag="001">NCT_65347</controlfield>
  <controlfield tag="008">190809b        xxu||||| |||| 00| 0 vie d</controlfield>
  <datafield tag="999" ind1=" " ind2=" ">
   <subfield code="c">3167</subfield>
   <subfield code="d">3167</subfield>
  </datafield>
  <datafield tag="020" ind1=" " ind2=" ">
   <subfield code="a">9786048205300</subfield>
   <subfield code="c">65000</subfield>
  </datafield>
  <datafield tag="082" ind1="0" ind2="4">
   <subfield code="2">23rd ed.</subfield>
   <subfield code="a">624.15</subfield>
   <subfield code="b">Qu106</subfield>
  </datafield>
  <datafield tag="100" ind1="1" ind2=" ">
   <subfield code="a">Nguyễn Văn Quảng</subfield>
  </datafield>
  <datafield tag="245" ind1="1" ind2="0">
   <subfield code="a">Hướng dẫn đồ án nền và móng</subfield>
   <subfield code="c">Nguyễn Văn Quảng, Nguyễn Hữu Kháng</subfield>
  </datafield>
  <datafield tag="250" ind1=" " ind2=" ">
   <subfield code="a">Tái bản</subfield>
  </datafield>
  <datafield tag="260" ind1=" " ind2=" ">
   <subfield code="a">H.</subfield>
   <subfield code="b">Xây dựng</subfield>
   <subfield code="c">2016</subfield>
  </datafield>
  <datafield tag="300" ind1=" " ind2=" ">
   <subfield code="a">181 tr.</subfield>
   <subfield code="c">27cm</subfield>
  </datafield>
  <datafield tag="500" ind1=" " ind2=" ">
   <subfield code="a">ĐTTS ghi: Trường Đại học Kiến trúc Hà Nội</subfield>
  </datafield>
  <datafield tag="520" ind1="3" ind2=" ">
   <subfield code="a">Sách có 3 phần: Hướng dẫn chung, thiết kế các loại nền và móng thông dụng và các phụ lục.</subfield>
  </datafield>
  <datafield tag="653" ind1=" " ind2=" ">
   <subfield code="a"> Kỹ thuật công trình xây dựng</subfield>
  </datafield>
  <datafield tag="700" ind1="1" ind2=" ">
   <subfield code="a">Nguyễn Hữu Kháng</subfield>
  </datafield>
  <datafield tag="942" ind1=" " ind2=" ">
   <subfield code="2">ddc</subfield>
   <subfield code="c">BK</subfield>
  </datafield>
  <datafield tag="952" ind1=" " ind2=" ">
   <subfield code="0">0</subfield>
   <subfield code="1">0</subfield>
   <subfield code="2">ddc</subfield>
   <subfield code="4">0</subfield>
   <subfield code="6">624_150000000000000_QU106</subfield>
   <subfield code="7">0</subfield>
   <subfield code="9">17036</subfield>
   <subfield code="a">000001</subfield>
   <subfield code="b">000001</subfield>
   <subfield code="d">2019-08-09</subfield>
   <subfield code="o">624.15 Qu106</subfield>
   <subfield code="p">MD.15671</subfield>
   <subfield code="r">2019-08-09</subfield>
   <subfield code="v">65000.00</subfield>
   <subfield code="w">2019-08-09</subfield>
   <subfield code="y">BK</subfield>
  </datafield>
  <datafield tag="952" ind1=" " ind2=" ">
   <subfield code="0">0</subfield>
   <subfield code="1">0</subfield>
   <subfield code="2">ddc</subfield>
   <subfield code="4">0</subfield>
   <subfield code="6">624_150000000000000_QU106</subfield>
   <subfield code="7">0</subfield>
   <subfield code="9">17037</subfield>
   <subfield code="a">000001</subfield>
   <subfield code="b">000001</subfield>
   <subfield code="d">2019-08-09</subfield>
   <subfield code="o">624.15 Qu106</subfield>
   <subfield code="p">MD.15672</subfield>
   <subfield code="r">2019-08-09</subfield>
   <subfield code="v">65000.00</subfield>
   <subfield code="w">2019-08-09</subfield>
   <subfield code="y">BK</subfield>
  </datafield>
  <datafield tag="952" ind1=" " ind2=" ">
   <subfield code="0">0</subfield>
   <subfield code="1">0</subfield>
   <subfield code="2">ddc</subfield>
   <subfield code="4">0</subfield>
   <subfield code="6">624_150000000000000_QU106</subfield>
   <subfield code="7">0</subfield>
   <subfield code="9">17038</subfield>
   <subfield code="a">000001</subfield>
   <subfield code="b">000001</subfield>
   <subfield code="d">2019-08-09</subfield>
   <subfield code="o">624.15 Qu106</subfield>
   <subfield code="p">MD.15673</subfield>
   <subfield code="r">2019-08-09</subfield>
   <subfield code="v">65000.00</subfield>
   <subfield code="w">2019-08-09</subfield>
   <subfield code="y">BK</subfield>
  </datafield>
  <datafield tag="952" ind1=" " ind2=" ">
   <subfield code="0">0</subfield>
   <subfield code="1">0</subfield>
   <subfield code="2">ddc</subfield>
   <subfield code="4">0</subfield>
   <subfield code="6">624_150000000000000_QU106</subfield>
   <subfield code="7">0</subfield>
   <subfield code="9">17039</subfield>
   <subfield code="a">000001</subfield>
   <subfield code="b">000001</subfield>
   <subfield code="d">2019-08-09</subfield>
   <subfield code="o">624.15 Qu106</subfield>
   <subfield code="p">MD.15674</subfield>
   <subfield code="r">2019-08-09</subfield>
   <subfield code="v">65000.00</subfield>
   <subfield code="w">2019-08-09</subfield>
   <subfield code="y">BK</subfield>
  </datafield>
  <datafield tag="952" ind1=" " ind2=" ">
   <subfield code="0">0</subfield>
   <subfield code="1">0</subfield>
   <subfield code="2">ddc</subfield>
   <subfield code="4">0</subfield>
   <subfield code="6">624_150000000000000_QU106</subfield>
   <subfield code="7">0</subfield>
   <subfield code="9">17040</subfield>
   <subfield code="a">000001</subfield>
   <subfield code="b">000001</subfield>
   <subfield code="d">2019-08-09</subfield>
   <subfield code="o">624.15 Qu106</subfield>
   <subfield code="p">MD.15675</subfield>
   <subfield code="r">2019-08-09</subfield>
   <subfield code="v">65000.00</subfield>
   <subfield code="w">2019-08-09</subfield>
   <subfield code="y">BK</subfield>
  </datafield>
  <datafield tag="952" ind1=" " ind2=" ">
   <subfield code="0">0</subfield>
   <subfield code="1">0</subfield>
   <subfield code="2">ddc</subfield>
   <subfield code="4">0</subfield>
   <subfield code="6">624_150000000000000_QU106</subfield>
   <subfield code="7">0</subfield>
   <subfield code="9">17041</subfield>
   <subfield code="a">000001</subfield>
   <subfield code="b">000001</subfield>
   <subfield code="d">2019-08-09</subfield>
   <subfield code="o">624.15 Qu106</subfield>
   <subfield code="p">MD.15676</subfield>
   <subfield code="r">2019-08-09</subfield>
   <subfield code="v">65000.00</subfield>
   <subfield code="w">2019-08-09</subfield>
   <subfield code="y">BK</subfield>
  </datafield>
  <datafield tag="952" ind1=" " ind2=" ">
   <subfield code="0">0</subfield>
   <subfield code="1">0</subfield>
   <subfield code="2">ddc</subfield>
   <subfield code="4">0</subfield>
   <subfield code="6">624_150000000000000_QU106</subfield>
   <subfield code="7">0</subfield>
   <subfield code="9">17042</subfield>
   <subfield code="a">000001</subfield>
   <subfield code="b">000001</subfield>
   <subfield code="d">2019-08-09</subfield>
   <subfield code="o">624.15 Qu106</subfield>
   <subfield code="p">MD.15677</subfield>
   <subfield code="r">2019-08-09</subfield>
   <subfield code="v">65000.00</subfield>
   <subfield code="w">2019-08-09</subfield>
   <subfield code="y">BK</subfield>
  </datafield>
  <datafield tag="952" ind1=" " ind2=" ">
   <subfield code="0">0</subfield>
   <subfield code="1">0</subfield>
   <subfield code="2">ddc</subfield>
   <subfield code="4">0</subfield>
   <subfield code="6">624_150000000000000_QU106</subfield>
   <subfield code="7">0</subfield>
   <subfield code="9">17043</subfield>
   <subfield code="a">000001</subfield>
   <subfield code="b">000001</subfield>
   <subfield code="d">2019-08-09</subfield>
   <subfield code="o">624.15 Qu106</subfield>
   <subfield code="p">MD.15678</subfield>
   <subfield code="r">2019-08-09</subfield>
   <subfield code="v">65000.00</subfield>
   <subfield code="w">2019-08-09</subfield>
   <subfield code="y">BK</subfield>
  </datafield>
  <datafield tag="952" ind1=" " ind2=" ">
   <subfield code="0">0</subfield>
   <subfield code="1">0</subfield>
   <subfield code="2">ddc</subfield>
   <subfield code="4">0</subfield>
   <subfield code="6">624_150000000000000_QU106</subfield>
   <subfield code="7">0</subfield>
   <subfield code="9">17044</subfield>
   <subfield code="a">000001</subfield>
   <subfield code="b">000001</subfield>
   <subfield code="d">2019-08-09</subfield>
   <subfield code="o">624.15 Qu106</subfield>
   <subfield code="p">MD.15679</subfield>
   <subfield code="r">2019-08-09</subfield>
   <subfield code="v">65000.00</subfield>
   <subfield code="w">2019-08-09</subfield>
   <subfield code="y">BK</subfield>
  </datafield>
  <datafield tag="952" ind1=" " ind2=" ">
   <subfield code="0">0</subfield>
   <subfield code="1">0</subfield>
   <subfield code="2">ddc</subfield>
   <subfield code="4">0</subfield>
   <subfield code="6">624_150000000000000_QU106</subfield>
   <subfield code="7">0</subfield>
   <subfield code="9">17045</subfield>
   <subfield code="a">000001</subfield>
   <subfield code="b">000001</subfield>
   <subfield code="d">2019-08-09</subfield>
   <subfield code="o">624.15 Qu106</subfield>
   <subfield code="p">MD.15680</subfield>
   <subfield code="r">2019-08-09</subfield>
   <subfield code="v">65000.00</subfield>
   <subfield code="w">2019-08-09</subfield>
   <subfield code="y">BK</subfield>
  </datafield>
  <datafield tag="980" ind1=" " ind2=" ">
   <subfield code="a">Thư viện Trường Đại học Nam Cần Thơ</subfield>
  </datafield>
 </record>
</collection>
